Geology and ground-water resources of the Missouri River Valley in Northeastern Montana /

Hlavní autor: Swenson, Frank A. 1912-2002
Další autoři: Durum, W. H. 1917-1996
Jazyk: Angličtina
Vydáno: Washington : United States Department of the Interior, 1955
Edice: Geological Survey water-supply paper
Fyzický popis: 4, 128 s. + příl.: 9 map
Knihy
Uloženo v:
LEADER 01035nam a22002532a 4500
001 001452098
003 CZ BrMZK
005 20210315091603.0
007 ta
008 150127s1955 xxu er|||||||||||eng d
040 |a BOA001  |b cze 
100 1 |a Swenson, Frank A.  |q (Frank Albert),  |d 1912-2002  |7 mzk20201096598  |4 aut 
245 1 0 |a Geology and ground-water resources of the Missouri River Valley in Northeastern Montana /  |c Frank A. Swenson 
260 |a Washington :  |b United States Department of the Interior,  |c 1955 
300 |a 4, 128 s. +  |e příl.: 9 map 
490 1 |a Geological Survey water-supply paper ;  |v 1263 
504 |a Obsahuje bibliografii 
505 2 0 |t Quality of the ground water /  |r Walton H. Durum.  |g 4, 128 s. + 9 mapových příl. 
700 1 |a Durum, W. H.  |q (Walton Henry),  |d 1917-1996  |7 mzk20211106663  |4 aut 
830 0 |a Geological Survey water-supply paper 
910 |a BOA001  |b 2-0364.632 
990 |a BK 
991 |b 201501 
996 7 |b 2619152414  |c 2-0364.632  |l MZK  |r Sklad / do 24 hodin  |n 0  |w 001487070  |u 000010  |a 1  |e BOA001  |j MZK50  |s A